Movies Quiz

Random Movies or Star Wars Quiz

'Star Wars' Beast Masters' Exam Quiz Stats

 Plays Quiz Updated Oct 19, 2016

Score 0/12 Timer 03:00
9 Plays Today
% Correct
???
99.9%
???
82.1%
???
73.3%
???
72.8%
???
67.1%
???
59.8%
???
56.7%
???
37.5%
???
34.3%
???
33.2%
???
27.9%
???
25.6%

You're not logged in!

Compare scores with friends on all Sporcle quizzes.
Join for Free
OR
Log In

You Might Also Like...

Show Comments

Extras

Top Quizzes Today


Score Distribution

Your Account Isn't Verified!

In order to create a playlist on Sporcle, you need to verify the email address you used during registration. Go to your Sporcle Settings to finish the process.

Report this User

Report this user for behavior that violates our Community Guidelines.

Details: